LEADER 01119nam2 2200373 450 001 990006138310203316 005 20160408104532.0 010 $a84-7100-249-3$b(rústica) 010 $a84-7100-250-7$b(cartoné) 035 $a000613811 035 $aUSA01000613811 035 $a(ALEPH)000613831USA01 035 $a000613811 100 $a20160111d1992----km-y0itay50------ba 101 $aspa 102 $aES 105 $a||||||||001yy 200 1 $a<> moriscos antes y despues de la expulsion$fMikel de Epalza 210 $aMadrid$cEditorial Mapfre$d1992 215 $a312 p.$d23 cm 225 2 $aColecciones Mapfre 1492. El Magreb$v2 410 0$1001000613781$aColecciones Mapfre 1492. El Magreb$v, 2 454 1$12001 606 $aSpagna$xStoria$xRifugiati religiosi 676 $a946 700 $aEPALZA,$bMikel : de$0537611 801 0$aIT$bsalbc$gISBD 912 $a990006138310203316 951 $aVI.7.COLL.5/ 2$b257 ISLA 959 $aSE 969 $aISLA 979 $aMARANO$b90$c20160408$lUSA01$h1045 996 $aMoriscos antes y despues de la expulsion$91159229 997 $aUNISA LEADER 02395nas 2200769-- 450 001 9910901758503321 005 20240915213022.0 011 $a2571-743X 035 $a(DE-599)ZDB3015896-5 035 $a(CKB)991042744474296 035 $a(CONSER)sn-83001663- 035 $a(EXLCZ)99991042744474296 100 $a20750720b19481968 --- a 101 0 $aeng 181 $ctxt$2rdacontent 182 $cc$2rdamedia 183 $acr$2rdacarrier 200 00$aActa genetica et statistica medica 210 $aBasel$aNew York$cS. Karger 215 $a1 online resource 311 08$aPrint version: Acta genetica et statistica medica. 0365-2785 (DLC)sn 83001663 (OCoLC)608556540 531 $aACTA GENET STAT MED 531 0 $aActa genet. stat. med. 606 $aAdult education$vPeriodicals 606 $aGenetics$vPeriodicals 606 $aMedical statistics$vPeriodicals 606 $aGenetics 606 $aStatistics as Topic$3(DNLM)D013223 606 $aÉducation des adultes$vPériodiques 606 $aGénétique$vPériodiques 606 $aStatistiques médicales$vPériodiques 606 $astatistics$2aat$3(CStmoGRI)aat300026924 606 $a44.48 medical genetics$3(NL-LeOCL)07761304X$2bcl 606 $a44.33 medical chemistry$3(NL-LeOCL)077596390$2bcl 606 $aAdult education$2fast 606 $aGenetics$2fast 606 $aMedical statistics$2fast 606 $aGenetica$2gtt 606 $aMedische genetica$2gtt 608 $aPeriodical. 608 $aPeriodicals$2fast 608 $aZeitschrift$2gnd-content 608 $aStatistik$2gnd-content 608 $aPeriodicals.$2lcgft 608 $aPeriodicals.$2rbgenr 615 0$aAdult education 615 0$aGenetics 615 0$aMedical statistics 615 2$aGenetics. 615 2$aStatistics as Topic. 615 6$aÉducation des adultes 615 6$aGénétique 615 6$aStatistiques médicales 615 7$astatistics. 615 7$a44.48 medical genetics. 615 7$a44.33 medical chemistry. 615 7$aAdult education 615 7$aGenetics 615 7$aMedical statistics 615 17$aGenetica. 615 17$aMedische genetica. 676 $a573.21 906 $aJOURNAL 912 $a9910901758503321 920 $aexl_impl conversion 996 $aActa genetica et statistica medica$9802209 997 $aUNINA